| 000 | 00717nam a2200217Ia 4500 | ||
|---|---|---|---|
| 003 | GCL | ||
| 008 | 140319s9999 xx 000 0 ara d | ||
| 020 | _a?078410977 | ||
| 040 |
_aGCL / _cGCL |
||
| 082 | 0 | 4 |
_a254.19 _bس م |
| 100 | 1 | _aسامية منيسى | |
| 245 | 1 | 0 |
_aالمرأة وتنظيم الاسرة فى الاسلام / _cسامية منيسى |
| 250 | _aالاولى | ||
| 260 |
_aالقاهرة : _bدار الفكر العربى ، _c1996 |
||
| 300 |
_a64 ص ؛ _c24 سم |
||
| 650 | 0 | 4 | _aالاحوال الشخصية للمسلمين |
| 650 | 0 | 4 | _aتنظيم النسل |
| 650 | 0 | 4 | _aالاسلام وتنظيم الاسرة |
| 650 | 0 | 4 | _aالمرأة فى الاسلام |
| 942 |
_2ddc _cBK |
||
| 999 |
_c6177 _d6177 |
||